| 000 | 00981nam a2200217Ia 4500 | ||
|---|---|---|---|
| 999 |
_c36291 _d36291 |
||
| 001 | 2198 | ||
| 003 | GE_BSU | ||
| 005 | 20231218104636.0 | ||
| 008 | 181216s1980ru xx |||||||||||||| ||rus|| | ||
| 040 | _cGE_BSU | ||
| 041 | _arus | ||
| 080 | _a94(3)(07) Х-91 | ||
| 245 |
_aХрестоматия по истории древнего Востока _bЧасть 1. / _cПод ред.М.А.Коростовцева, И.С.Кацнельсона, В.И.Кузыщина. |
||
| 264 |
_aМосква : _bВысшая школа, _c1980. |
||
| 300 |
_a324 стр.: _b21см. |
||
| 653 | _a ქრესტომათია ძველი აღმოსავლეთის ისტორიის შესახებ | ||
| 700 |
_aКоростовцева, М.А. _eრედაქტორი _915404 |
||
| 700 |
_aКацнельсона, И.С. _eრედაქტორი _915405 |
||
| 700 |
_aКузыщина, В.И. _eრედაქტორი _915406 |
||
| 942 |
_cBK _2udc |
||